| 000 | 00575cam a2200205 a 4500 | ||
|---|---|---|---|
| 001 | 11761215 | ||
| 005 | 20250908090159.0 | ||
| 008 | 990720s1999 miu b 000 0 eng | ||
| 020 | _a0801058341 | ||
| 020 | _a9780801058349 | ||
| 050 | 0 | 0 |
_aBT121.2 _b.B73 1999 |
| 082 | 0 | 0 |
_a231/.3 _221 |
| 100 | 1 | _aBrown, Stephen W. | |
| 245 | 1 | 0 |
_aFollow the wind : _bOur Lord, the Holy Spirit / _cSteve Brown. |
| 260 |
_aGrand Rapids, Mich. : _bBaker Books, _cc1999. |
||
| 300 |
_a188 p. ; _c23 cm. |
||
| 500 | _a"A Raven's Ridge book." | ||
| 650 | 0 | _aHoly Spirit. | |
| 942 |
_2lcc _cBK _n0 |
||
| 999 |
_c7467 _d7467 |
||